000 00329nam a22001457a 4500
003 SGT
020 _a9788172253042
082 _a612.015
_bB08S
100 _aD C Sharma
245 _aBiochemistry For Dental Students
260 _aNEW DELHI
_bI.B. PUBLISHER
_c2008
300 _a372
650 _aBiochemistry
942 _2ddc
_cBK
999 _c15570
_d15570